|
|
|
|
| LEADER |
00000cam a2200000 a 4500 |
| 001 |
vtls008340323 |
| 003 |
SK-MaSNL |
| 005 |
20260301123212.0 |
| 008 |
181128s1961 xo 000 slo |
| 015 |
|
|
|a SKSNBA1961/11-02444
|
| 035 |
|
|
|a SK01SNK19610032540
|
| 035 |
|
|
|a SKM000035003
|
| 040 |
|
|
|a SNK
|b slo
|c SNK
|e AACR2
|
| 041 |
0 |
|
|a slo
|
| 044 |
|
|
|a xo
|c SK
|
| 080 |
|
|
|a 885.4-093.4:792(042)
|2 1981
|
| 080 |
|
|
|a 792
|2 1981
|
| 100 |
1 |
|
|a Volková, Elena,
|d 1924-1989
|4 aut
|9 48740
|
| 245 |
1 |
0 |
|a O javiskovej reči
|b text prednášky, prednesenej na školení metodických pracovníkov v Spišskej Novej Vsi dňa 7.6.1961
|c Elena Volková
|
| 260 |
|
|
|a Bratislava
|b Osvetový ústav
|c 1961
|
| 300 |
|
|
|a 16 s.
|c 4°
|
| 500 |
|
|
|a Použ. lit.
|
| 563 |
|
|
|a 300 výtl.
|
| 650 |
0 |
7 |
|a javisková reč
|2 SNKPH
|9 76506
|
| 655 |
|
7 |
|a príručky
|2 SNKPH
|9 74364
|
| 852 |
|
|
|a Slovenská národná knižnica v Martine
|b 10000
|h SB 7788
|
| 852 |
|
|
|a Slovenská národná knižnica v Martine
|b 10000
|h SB 7788 D1
|
| 958 |
|
|
|a OND
|
| 958 |
|
|
|a RM
|
| 958 |
|
|
|a RK
|
| 958 |
|
|
|a NB
|
| 958 |
|
|
|a LX
|
| 999 |
|
|
|c 735420
|d 737350
|
| 952 |
|
|
|a SNK
|b SNK
|y VYP
|7 0
|p 17A1151982
|o snkSB 7788 D1
|i snkKSP 5445/61
|0 0
|1 0
|4 0
|d 2017-07-06
|l 0
|r 2026-02-23 22:42:48
|w 2026-02-23
|